[Event "European Blitz-ch 2018"]
[Site "Skopje"]
[Date "2018.12.06"]
[Round "3"]
[White "Danov, Radi"]
[Black "Pancevski, Filip"]
[Result "0-1"]
[WhiteElo "2324"]
[BlackElo "2495"]
[Annotator "TA"]
[PlyCount "116"]
[EventDate "2018.12.06"]
[EventType "swiss"]
[EventCountry "MKD"]
[SourceTitle "playchess.com"]
[Source "ChessBase"]
[SourceQuality "1"]

{[%evp 20,116,43,31,38,27,82,77,85,93,119,23,22,0,173,189,196,195,178,83,72,81,112,94,275,290,462,477,477,461,524,524,521,502,899,709,691,696,676,690,677,668,660,555,610,618,595,585,621,599,815,775,794,772,839,814,786,775,1409,1364,2875,2615,29977,29978,29977,29971,29968,1759,1628,0,2208,1021,1058,799,1544,1534,1224,0,1221,0,1221,1172,2010,1969,1908,1907,1952,1868,29993,1058,29983,956,895,825,29990,-29989,-29990,-29997,-29998]} 1. d4 g6 2. e4 Bg7 3. Nf3 d6 4. Nc3 Nf6 5. Be2 O-O 6. O-O a6 7. a4 Nc6 8. d5 {B08: Pirc Defence: Classical System} (8. h3 e6 9. Be3 b6 10. e5 dxe5 11. Nxe5 Bb7 12. Bf3 Nd5 13. Nxd5 exd5 14. Nxc6 Bxc6 15. a5 b5 16. Qd2 Re8 17. Bf4 Bb7 {½-½ (30) Svidler,P (2760)-Dubov,D (2701) Moscow 2018}) 8... Nb8 9. Be3 c6 10. h3 cxd5 11. exd5 {LiveBook: 3 Games} Nbd7 12. a5 Nc5 (12... b5 $11 {remains equal.}) 13. Bd4 $16 Bf5 $146 ({Predecessor:} 13... Qc7 14. b4 Ncd7 15. Na4 Re8 16. c4 {1-0 (47) Georgiadis,I (2383)-Barrett,M ICC INT 2009}) 14. Re1 Rc8 15. Nh4 (15. g4 $16 Bd7 16. b4) 15... Bd7 $11 16. Nf3 Nce4 $2 (16... Bf5 $11 {and Black stays safe.}) 17. Nxe4 $18 Nxe4 18. Bxg7 Kxg7 {[#]} 19. Qd4+ (19. Bxa6 $1 $18 {[%mdl 512]} bxa6 20. Rxe4) 19... Nf6 $16 20. c4 Re8 21. b4 Bf5 $2 (21... Kg8 $16 {was called for.}) 22. g4 $18 Bxg4 (22... Bd7 {might work better.} 23. g5 Bxh3) 23. hxg4 h6 24. Rad1 Qd7 25. Nd2 Qa4 26. Qb2 e6 (26... Qd7 $142 27. Ne4 Qd8) 27. dxe6 Rxe6 28. Bf3 Rce8 29. Rxe6 Rxe6 30. Rc1 {[%cal Bd1c1,Bc1c3,Bc3e3][%mdl 32]} Kh7 31. Kf1 Qe8 32. Qd4 Qe7 33. Kg2 Re5 34. Rc3 Rg5 35. Re3 Qd8 36. Ne4 Nxe4 37. Rxe4 h5 38. c5 f5 39. Re6 hxg4 40. Be2 d5 41. Qe5 Rh5 42. Re7+ Kh6 43. Qe3+ (43. Qf4+ $142 Rg5 44. Rxb7 Qe8 45. Bxa6 d4 46. Bb5 Qe6 47. Qxd4 Rh5 48. a6) 43... Rg5 44. Qe5 {Intending Qg7+ and mate.} Rh5 $1 45. Qg7+ (45. Qf4+ $142 Rg5 46. Rxb7) 45... Kg5 46. Rd7 Qb8 47. Qe7+ Kh6 48. Qg7+ Kg5 49. Qe7+ Kh6 {( -> ...Qh2+)} 50. Rd6 d4 51. Qf7 {[%csl Gf7][%cal Rd6g6]} Rg5 52. Rxd4 Qe5 53. Qf8+ Kh5 54. Qd8 (54. Rd7 $142 Kh4 55. Qd8 Qe4+ 56. Kg1 Qe7 57. Rxe7 Rh5 58. Rxb7+ g5 59. Qd5 Rh8 60. Qh1#) 54... f4 55. Bd3 (55. Rd7 $142 f3+ 56. Kg1 Qa1+ 57. Bd1 g3 58. Rh7+ Kg4 59. Qd3 gxf2+ 60. Kf1 Qxd1+ 61. Qxd1) 55... f3+ 56. Kf1 g3 {[%cal Bg4g3,Bg3g2][%mdl 32]} 57. Be4 $4 {[%mdl 8192]} (57. fxg3 Qxd4 58. Qxd4 Rxg3 59. Qd5+ {[%mdl 64] Double Attack} Rg5 60. Qxb7 Kg4 61. Qxa6 Kh5 62. c6) 57... g2+ 58. Kg1 {[#]} Qh2+ $1 {[%mdl 576] Decoy, Promotion. Accuracy: White = 56%, Black = 31%.} 0-1

[Event "European Blitz-ch 2018"]
[Site "Skopje"]
[Date "2018.12.06"]
[Round "3"]
[White "Papakonstantinou, Dimitrios"]
[Black "Fridman, Daniel"]
[Result "0-1"]
[WhiteElo "2308"]
[BlackElo "2633"]
[Annotator "TA"]
[PlyCount "70"]
[EventDate "2018.12.06"]
[EventType "swiss"]
[EventCountry "MKD"]
[SourceTitle "playchess.com"]
[Source "ChessBase"]
[SourceQuality "1"]

{[%evp 22,70,50,-7,0,-19,-11,-33,-24,-60,-9,-58,-52,-45,-33,-57,-66,-135,-133,-135,-143,-166,-129,-250,-219,-219,-219,-219,-213,-206,-189,-309,-302,-317,-289,-291,-284,-287,-282,-280,-295,-197,0,-1167,-771,-730,-679,-979,-948,-2243,-2069]} 1. e4 c6 2. Nc3 d5 3. d4 dxe4 4. Nxe4 Nf6 5. Nxf6+ exf6 6. c3 Bd6 7. Bd3 O-O 8. Ne2 Re8 9. Qc2 {B15: Caro-Kann: 3 Nc3: 3...g6 and 3...dxe4 4 Nxe4 Nf6 5 Nxf6+ exf6} h5 (9... g6 10. h4 Nd7 11. h5 Nf8 12. Be3 Be6 13. O-O-O a5 14. Kb1 a4 15. hxg6 fxg6 16. c4 Bf7 17. Nc3 a3 18. b3 f5 {0-1 (29) Saric,I (2669)-Jobava,B (2690) Riadh 2017}) 10. Be3 Nd7 11. O-O-O Nf8 12. Ng3 {LiveBook: 4 Games} (12. Kb1 $14) 12... g6 $11 13. Rhe1 $146 ({Predecessor:} 13. Ne4 Be7 14. h4 Nh7 15. g3 f5 16. Nd2 Be6 {0-1 (47) Stetsko,L (2188)-Hagesaether,E (2181) Batumi 2018}) 13... Be6 14. Kb1 f5 {[#] Strongly threatening ...f4.} 15. Bc1 Bd5 (15... b5 $15) 16. f3 Rxe1 17. Rxe1 Qh4 18. Qf2 b5 19. Qf1 (19. Re2 $15) 19... Qxh2 $17 20. Ne2 Qh4 21. Qg1 Re8 22. g3 (22. b3 $17 {might work better.}) 22... Qe7 23. Qf2 Qe6 24. a3 Bc4 25. Bxc4 Qxc4 ({Don't play} 25... bxc4 26. Ka1 $17) 26. Nf4 (26. Bf4 $142 Bxa3 27. bxa3 Qb3+ {[%mdl 64] Double Attack} 28. Kc1) 26... Rxe1 $19 27. Qxe1 Bxf4 28. Bxf4 Qd3+ 29. Ka1 Ne6 ({Not} 29... Qxf3 30. Qe7 $17) 30. Qe5 {intending Qb8+.} Qf1+ ({Weaker is} 30... Qxf3 31. Qb8+ Kh7 32. Be5 $17) 31. Ka2 Qxf3 $2 {[#]} ({Black should play} 31... Nxf4 $19 32. Qe8+ Kg7 33. Qe5+ Kh7 34. Qxf4 Qc4+ 35. Ka1 c5) 32. Ka1 $2 {[%mdl 8192]} (32. Qb8+ $11 Kh7 33. Be5 Qd5+ 34. Kb1) 32... Qh1+ {Black is clearly winning.} 33. Ka2 Qd5+ 34. Qxd5 cxd5 35. Kb3 Nxf4 {Accuracy: White = 20%, Black = 84%.} 0-1

[Event "European Blitz-ch 2018"]
[Site "Skopje"]
[Date "2018.12.06"]
[Round "3"]
[White "Bartel, Michal"]
[Black "Ruck, Robert"]
[Result "1-0"]
[WhiteElo "2306"]
[BlackElo "2512"]
[Annotator "TA"]
[PlyCount "99"]
[EventDate "2018.12.06"]
[EventType "swiss"]
[EventCountry "MKD"]
[SourceTitle "playchess.com"]
[Source "ChessBase"]
[SourceQuality "1"]

{[%evp 19,99,27,19,30,25,16,9,-9,15,12,2,6,7,8,16,9,58,-17,41,0,6,0,0,0,0,-16,0,0,0,0,0,-16,-13,-77,0,-61,-61,-61,67,0,0,0,0,0,0,0,0,0,0,0,0,0,0,0,0,0,0,0,10,0,10,0,10,0,0,0,0,0,0,-8,0,-25,0,0,0,-28,0,0,0,-21,0,0]} 1. e4 c6 2. d4 d5 3. e5 Bf5 4. Nd2 e6 5. Nb3 Nd7 6. Be3 {B12: Caro-Kann: Advance Variation} (6. Nf3 Ne7 7. Be2 Ng6 8. O-O f6 9. c4 dxc4 10. Bxc4 fxe5 11. Ng5 Qf6 12. g4 Nf4 13. Bxf4 exf4 14. Nxe6 Bxe6 15. Bxe6 {½-½ (46) Grischuk,A (2766)-Mamedyarov,S (2808) Paris 2018}) 6... Ne7 7. Be2 Bg6 8. f4 Nf5 9. Bf2 h5 10. Nf3 Be7 {LiveBook: 3 Games} 11. O-O Rc8 12. Rc1 $146 ({Predecessor:} 12. c3 a6 {½-½ (60) Pruijssers,R (2519)-Parligras,M (2633) Germany 2012}) 12... h4 13. Nfd2 Bh7 14. c4 dxc4 15. Nxc4 Nb6 16. Nxb6 axb6 17. a3 O-O 18. Bd3 (18. Rc3 $14) 18... Re8 (18... h3 $11) 19. Qf3 Nh6 20. Bxh7+ (20. Bc4 {is more complex.} Ra8 21. h3 Ra4 22. Rfd1 Bg6 23. Kh2) 20... Kxh7 21. g4 hxg3 $1 22. hxg3 ({But not} 22. Bxg3 Rh8 $15) 22... Qd5 23. Qxd5 cxd5 24. Kg2 g5 25. Be3 Nf5 26. Bd2 {[#]} (26. Bf2 $11 {keeps the balance.}) 26... gxf4 (26... g4 $1 $17) 27. Rh1+ ({White should play} 27. Bxf4 $11 Rc6 28. g4 Nh4+ 29. Kg3) 27... Kg6 $15 28. gxf4 Rc4 (28... Rxc1 $15 29. Rxc1 Kh5) 29. Kf3 (29. Rcg1 $1 $14 f6 30. Kf1+ Kf7 31. Rh7+ Kf8 32. Rh8+ Kf7 33. Rh7+ Kf8 34. Rh8+ Kf7 35. Rh7+) 29... Rxc1 $11 30. Rxc1 Rh8 {[#] Strongly threatening ...Rh3+.} 31. Rg1+ Kh7 32. Rh1+ Kg7 33. Rxh8 Kxh8 {[%mdl 4096] Endgame KBN-KBN} 34. Be1 Kg7 35. Bf2 Kg6 36. Nc1 Bf8 37. Ne2 Be7 38. Nc3 f6 39. Na4 Bd8 40. Nc3 Be7 41. Na4 b5 42. Nc3 b4 43. axb4 Bxb4 44. Nb5 Ba5 45. Kg4 Bb6 46. Kf3 Kf7 47. Kg4 Kg6 48. Kf3 {The position is equal.} Kf7 49. Kg4 Kg6 50. Kf3 {[%mdl 32768] Accuracy: White = 49%, Black = 40%. . Sensor Board Error (Ke4/e5)?} 1-0

[Event "European Blitz-ch 2018"]
[Site "Skopje"]
[Date "2018.12.06"]
[Round "3"]
[White "Andonovski, Ljubisa"]
[Black "Van Foreest, Lucas"]
[Result "1/2-1/2"]
[WhiteElo "2287"]
[BlackElo "2500"]
[Annotator "RC"]
[PlyCount "104"]
[EventDate "2018.12.06"]
[EventType "swiss"]
[EventCountry "MKD"]
[SourceTitle "playchess.com"]
[Source "ChessBase"]
[SourceQuality "1"]
[TimeControl "180+2"]

1. d4 {[%emt 0:00:01]} Nf6 {[%emt 0:00:00]} 2. c4 {[%emt 0:00:01]} e6 {[%emt 0:00:00]} 3. Nf3 {[%emt 0:03:04]} d5 4. g3 {[%emt 0:00:00]} Be7 {[%emt 0:00:00]} 5. Bg2 {[%emt 0:00:00]} O-O {[%emt 0:00:01]} 6. O-O {[%emt 0:00:00]} dxc4 {[%emt 0:00:01]} 7. Qc2 {[%emt 0:00:00]} a6 {[%emt 0:00:00]} 8. a4 {[%emt 0:00:00]} Bd7 {[%emt 0:00:01]} 9. Qxc4 {[%emt 0:00:00]} Bc6 {[%emt 0:00:01]} 10. Bf4 {[%emt 0:00:00]} Bd6 {[%emt 0:00:01]} 11. Bg5 {[%emt 0:00:00]} Nbd7 {[%emt 0:00:04]} 12. Nc3 {[%emt 0:00:00]} h6 {[%emt 0:00:09]} 13. Bxf6 {[%emt 0:00:00]} Nxf6 {[%emt 0:00:01]} 14. Qd3 {[%emt 0:00:00]} Bb4 {[%emt 0:00:06]} 15. Ne5 {[%emt 0:00:00]} Bxg2 16. Kxg2 {[%emt 0:00:00]} a5 {[%emt 0:00:31]} 17. Rfd1 {[%emt 0:00:00]} c6 {[%emt 0:00:01]} 18. Kg1 {[%emt 0:00:00]} Qe7 {[%emt 0:00:13]} 19. Ne4 {[%emt 0:00:00]} Nxe4 {[%emt 0:00:04]} 20. Qxe4 {[%emt 0:00:00]} Rfd8 {[%emt 0:00:06]} 21. e3 {[%emt 0:00:00]} Qd6 {[%emt 0:00:13]} 22. Nd3 {[%emt 0:00:00]} Qd5 {[%emt 0:00:07]} 23. Qxd5 {[%emt 0:00:00]} exd5 {[%emt 0:00:05]} 24. Nxb4 {[%emt 0:00:00]} axb4 {[%emt 0:00:01]} 25. a5 {[%emt 0:00:00]} Ra6 {[%emt 0:00:12]} 26. Ra4 {[%emt 0:00:00]} b5 {[%emt 0:00:07]} 27. Rxb4 {[%emt 0:00:00]} Rxa5 {[%emt 0:00:01]} 28. Rc1 {[%emt 0:00:00]} Rd6 {[%emt 0:00:03]} 29. Rb3 {[%emt 0:00:00]} Kf8 {[%emt 0:00:06]} 30. Ra3 {[%emt 0:00:00]} Rxa3 {[%emt 0:00:08]} 31. bxa3 {[%emt 0:00:00]} Ke7 {[%emt 0:00:04]} 32. a4 {[%emt 0:00:00]} bxa4 {[%emt 0:00:27]} 33. Ra1 {[%emt 0:00:00]} Rd7 {[%emt 0:00:01]} 34. Rxa4 {[%emt 0:00:00]} Rb7 {[%emt 0:00:10]} 35. Kg2 {[%emt 0:00:00]} Rb2 {[%emt 0:00:02]} 36. g4 {[%emt 0:00:00]} Kf6 {[%emt 0:00:06]} 37. h4 {[%emt 0:00:00]} Kg6 {[%emt 0:00:05]} 38. Ra7 {[%emt 0:00:00]} Rc2 {[%emt 0:00:04]} 39. Kg3 {[%emt 0:00:00]} Rc1 {[%emt 0:00:04]} 40. Rd7 {[%emt 0:00:00]} Rg1+ {[%emt 0:00:04]} 41. Kf3 {[%emt 0:00:00]} Rc1 {[%emt 0:00:04]} 42. Kf4 {[%emt 0:00:00]} Kf6 {[%emt 0:00:05]} 43. g5+ {[%emt 0:00:00]} hxg5+ {[%emt 0:00:01]} 44. hxg5+ {[%emt 0:00:00]} Ke6 {[%emt 0:00:01]} 45. Ra7 {[%emt 0:00:02]} Rc2 {[%emt 0:00:13]} 46. f3 {[%emt 0:00:04]} Rc4 {[%emt 0:00:01]} 47. Rc7 {[%emt 0:00:09]} Rc3 {[%emt 0:00:09]} 48. Rc8 {[%emt 0:00:20]} Ke7 {[%emt 0:00:12]} 49. Rg8 {[%emt 0:00:21]} g6 {[%emt 0:00:01]} 50. Rc8 {[%emt 0:00:04]} Kd7 {[%emt 0:00:03]} 51. Rf8 {[%emt 0:00:02]} Ke7 {[%emt 0:00:00]} 52. Rc8 {[%emt 0:00:02]} Kd7 {[%emt 0:00:01]} 1/2-1/2

[Event "European Blitz-ch 2018"]
[Site "Skopje"]
[Date "2018.12.06"]
[Round "3"]
[White "Jusic, Zdenko"]
[Black "Dvirnyy, Danyyil"]
[Result "0-1"]
[WhiteElo "2259"]
[BlackElo "2485"]
[Annotator "TA"]
[PlyCount "90"]
[EventDate "2018.12.06"]
[EventType "swiss"]
[EventCountry "MKD"]
[SourceTitle "playchess.com"]
[Source "ChessBase"]
[SourceQuality "1"]

{[%evp 9,89,12,28,17,27,21,41,0,37,37,42,10,25,-37,-14,-40,37,-55,-47,-15,-24,-92,-96,-97,-90,-94,-93,-94,-94,-96,-97,-94,-107,-94,-102,-81,-85,-119,-122,-148,-159,-158,-156,-152,-105,-236,-248,-320,-333,-334,-325,-406,-382,-378,-376,-404,-404,-417,-421,-418,-399,-418,-405,-402,-394,-428,-425,-465,-465,-566,-454,-458,-458,-458,-450,-29999,-447,-447,-358,-348,-330,-29999]} 1. e4 c6 2. d3 d5 3. Nd2 g6 4. f4 Bg7 5. Ngf3 (5. g3 Nh6 6. Bg2 Ng4 7. Qe2 Qb6 8. Nb3 dxe4 9. dxe4 Be6 10. Nf3 Bc4 11. Qd2 Na6 12. h3 Rd8 13. hxg4 Rxd2 14. Bxd2 Nb4 15. Bxb4 Qe3+ 16. Kd1 Be2+ {0-1 (16) Zhou,Y (2449)-Dreev,A (2653) chess.com INT 2018}) 5... Qb6 6. Qe2 {B10: Caro-Kann: 2 d3 and 2 c4} Nh6 7. c3 $146 ({Predecessor:} 7. h3 Nd7 8. g4 f6 9. Bg2 Nf7 10. Nb3 dxe4 11. dxe4 O-O 12. Be3 {½-½ (65) Weber,S (2265)-Dyballa,M (2305) Germany 1997}) 7... O-O 8. g3 {White is slightly better.} dxe4 9. dxe4 Nd7 10. Nc4 Qc7 11. Ne3 (11. Bg2 $11) 11... Nc5 12. e5 Nf5 (12... Rd8 $15) 13. Nd4 (13. Bg2 $14) 13... Nxd4 (13... Rd8 $5 {[%cal Rf5d4]} 14. Nexf5 Bxf5 $15) 14. cxd4 Ne6 15. Qc4 (15. d5 $11 Nd4 16. Qd3) 15... Rd8 $17 16. Nc2 Qb6 {[%cal Re6d4]} 17. Be3 Qxb2 18. Bg2 Nc7 $1 19. O-O {Threatens to win with Rfb1.} Be6 20. Qd3 {Threatening Rfb1.} Bf5 21. Be4 Bxe4 22. Qxe4 Qc3 23. f5 Qc4 24. e6 gxf5 25. exf7+ Qxf7 26. Rxf5 Qe6 $36 {[%mdl 2048] Black is in control.} 27. Qf4 (27. Qxe6+ $17 Nxe6 28. Rb1) 27... Nd5 $19 28. Qg4 {[#]} Qxe3+ $1 {[%mdl 512]} 29. Nxe3 Nxe3 30. Rf8+ Kxf8 31. Qf4+ Kg8 32. Re1 Nd5 33. Qg4 Rd6 34. Re6 Rad8 35. Rxd6 Rxd6 ({Much less strong is} 35... exd6 36. Qe4 $19) 36. Qc8+ Kf7 37. Qxb7 Bxd4+ 38. Kg2 Bb6 39. Qc8 Nf6 40. a4 h5 41. h3 Rd2+ 42. Kf3 (42. Kf1 $19) 42... Rd3+ (42... Rf2# $142) 43. Kg2 Rd4 44. Qxc6 Rd2+ 45. Kf3 $2 (45. Kf1 $19) 45... Rf2# {Accuracy: White = 22%, Black = 58%.} 0-1

[Event "European Blitz-ch 2018"]
[Site "Skopje"]
[Date "2018.12.06"]
[Round "3"]
[White "Jovic, Stanoje"]
[Black "Laznicka, Viktor"]
[Result "1-0"]
[WhiteElo "2240"]
[BlackElo "2675"]
[Annotator "TA"]
[PlyCount "69"]
[EventDate "2018.12.06"]
[EventType "swiss"]
[EventCountry "MKD"]
[SourceTitle "playchess.com"]
[Source "ChessBase"]
[SourceQuality "1"]

{[%evp 23,69,-17,-16,-39,-50,-133,-120,-140,-53,-98,-102,-218,-204,-245,-184,-191,-181,-187,-186,-184,-162,-168,-175,-184,-176,-176,-118,-181,-152,-148,-65,-58,0,0,0,0,0,-25,-28,-22,-27,-26,537,537,496,496,475,130]} 1. c4 c6 2. e4 d5 3. exd5 cxd5 4. cxd5 Nf6 5. Qa4+ Nbd7 6. Nc3 g6 7. Bc4 Bg7 8. d3 {B10: Caro-Kann: 2 d3 and 2 c4} O-O 9. Nf3 a6 10. Qa3 b6 11. O-O Bb7 12. Re1 Re8 {LiveBook: 97 Games} 13. d6 (13. Be3 Rc8 14. Qb4 Nc5 15. Rac1 a5 16. Qa3 Nxd5 17. Nxd5 Bxd5 18. Bxd5 Qxd5 19. Bxc5 {½-½ (19) Rakhmanov,A (2635)-Dreev,A (2653) Havana 2018}) 13... e6 {[%mdl 1024] Black has compensation.} 14. Ng5 ({White should play} 14. d4 $15) 14... b5 15. Bb3 Rc8 (15... h6 $1 $17 {[%cal Rh6g5]} 16. Nf3 Bxf3 17. gxf3 Nh5) 16. Nge4 $146 {[#]} Ng4 $1 17. Bf4 (17. h3 $17 Nge5 18. Rd1) 17... Qb6 $19 18. Qb4 Bxc3 19. bxc3 Bxe4 $1 20. Qxe4 Nxf2 {( -> ...Nh3+)} 21. Qe3 Nxd3 $1 22. Qxb6 Nxb6 23. Be3 Nd7 24. Red1 N3c5 ({Worse is} 24... Rxc3 25. Bd4 $11) ({Better is} 24... Nb2 $19 25. Re1 Rc6) 25. Bc2 (25. c4 $17) 25... Rc6 26. a4 bxa4 ({Black should try} 26... Nxa4 $17 27. Bxa4 bxa4 28. Rxa4 Rxc3) 27. Rxa4 $15 Nxa4 (27... Rec8 $15 28. Rb4 a5) 28. Bxa4 $11 Rec8 29. c4 {[%cal Bc3c4,Bc4c5][%mdl 32]} f5 30. Bxc6 Rxc6 31. c5 $1 Kf7 {And now ...e5 would win.} 32. Rb1 $1 {[%cal Rb1b7] Rb7 is the strong threat.} e5 $2 {[%mdl 8192]} (32... Ke8 $11 {and Black has nothing to worry.}) 33. Rb7 $18 {White is clearly winning.} Ke6 34. Rc7 Nb8 {[#]} 35. Re7+ $2 {Accuracy: White = 40%, Black = 41%.} (35. d7 $1 $18 {[%mdl 512] is the precise move to win.} Rd6 (35... Nxd7 36. Rxc6+) 36. cxd6 Nxd7 37. g3) 1-0

[Event "European Blitz-ch 2018"]
[Site "Skopje"]
[Date "2018.12.06"]
[Round "3"]
[White "Arutyunova, Diana"]
[Black "Popov, Valerij"]
[Result "0-1"]
[WhiteElo "2227"]
[BlackElo "2532"]
[Annotator "TA"]
[PlyCount "118"]
[EventDate "2018.12.06"]
[EventType "swiss"]
[EventCountry "MKD"]
[SourceTitle "playchess.com"]
[Source "ChessBase"]
[SourceQuality "1"]

{[%evp 21,117,16,26,-22,0,-52,-53,-45,-39,-39,-36,-56,-53,-72,-51,-74,-39,-60,-62,-64,-69,-66,-56,-79,-66,-473,-447,-1761,-1760,-928,-485,-504,-492,-645,-379,-379,-285,-290,-290,-281,-276,-270,-266,-504,-133,-175,-99,-129,-89,-91,-84,-173,-118,-116,-74,-177,-155,-194,-181,-191,-77,-268,-270,-362,-270,-436,-279,-425,-182,-196,-191,-195,-160,-204,0,-187,-14,-335,-305,-495,-485,-687,-647,-810,-829,-5135,-5106,-6544,-5818,-29987,-29988,-29989,-29990,-29990,-29991,-29998,-29999,-29999]} 1. e4 c5 2. Nf3 d6 3. d4 Nf6 4. Nc3 cxd4 5. Nxd4 a6 6. Be2 e5 7. Nb3 Be7 8. a4 Be6 9. O-O Nbd7 10. a5 O-O 11. Be3 Rc8 {LiveBook: 84 Games} 12. Nd2 {B92: Sicilian Najdorf: 6 Be2} (12. Qd2 Qc7 13. Rfd1 Nxe4 14. Nxe4 Qxc2 15. Qxc2 Rxc2 16. Nc1 d5 17. Ng5 Bxg5 18. Bxg5 Rxb2 19. Be7 Rc8 20. Bd3 Nc5 21. Bxc5 Rxc5 {0-1 (65) Kuzubov,Y (2701)-Nigalidze,G (2536) Al Ain 2014}) 12... Qc7 13. Ra4 $146 (13. Bf3 $11) ({Predecessor:} 13. h3 Qc6 14. Ra4 Rfd8 15. Bc4 d5 16. exd5 Nxd5 17. Bxd5 Bxd5 18. Nxd5 Qxd5 {0-1 (75) Sucher,J (2107)-Boric,M (2395) Bregenz 2016}) 13... d5 $15 14. exd5 {Black is slightly better.} Nxd5 15. Nxd5 Bxd5 16. c4 Bc6 17. Ra1 f5 18. f3 Kh8 19. Qb1 Bb4 20. Nb3 Qd6 21. Rd1 Qe7 22. Bd2 Bd6 {...e4 is the strong threat.} 23. Nc1 $2 {[%mdl 8192]} ({White should play} 23. Be3 $15) 23... e4 $19 24. Re1 (24. f4 $142 e3 25. Bc3 Bxf4 26. Be1) 24... Qh4 25. f4 Bxf4 26. Bxf4 Qxf4 27. b4 Qe3+ 28. Kh1 Qf2 29. Rf1 Qh4 30. b5 axb5 {[%mdl 64] Overworked Piece} 31. cxb5 Bd5 {And now ...f4 would win.} 32. Qb4 $2 (32. Na2 f4 33. Qd1) 32... Nc5 $2 (32... Qg5 $19 {has better winning chances.} 33. Qd6 f4 34. Qxd7 f3) 33. Qd4 {[#]} Be6 ({Black should try} 33... Bg8 $1 $19 34. a6 Qe7) 34. a6 $17 Qd8 35. Qxd8 Rfxd8 ({Much worse is} 35... Rcxd8 36. a7 $15) 36. axb7 (36. a7 $17) 36... Rb8 $36 {[%mdl 2048] Keeping White busy.} (36... Nxb7 $19 37. Rd1 g6 38. Rxd8+ Nxd8) 37. Ra6 {Hoping for Rc6.} Bd7 38. Rc6 (38. Kg1 $17) 38... Nxb7 $19 39. Rb6 Nc5 40. Rd6 Rdc8 (40... Be6 $19 41. Rfd1 Rdc8) 41. Rfd1 $2 (41. b6 $17) 41... g6 42. Na2 Be8 43. Nc3 $2 (43. b6) 43... Kg7 44. b6 (44. Nd5 {was called for.}) 44... Rc6 (44... Nb7 $142 45. Nxe4 fxe4) 45. Rxc6 Bxc6 46. Rd6 Be8 47. Nd5 {[#]} Nd7 $2 ({Better is} 47... Nb7 $1 $19 {[%cal Rb7d6]} 48. Re6 Bf7) 48. Rc6 $2 (48. Nc7 $11 Nc5 49. Nxe8+ Rxe8 50. Kg1) 48... Kf7 $2 (48... Bf7 $19 49. Rd6 Ne5) 49. Rc7 $2 {[%mdl 8192]} (49. Ba6 $11 {and White is okay.}) 49... Ke6 $1 {[%csl LRb6,LRd5]} 50. Bc4 $2 (50. Ne3 {was necessary.} Rxb6 51. g3) 50... Kd6 ({Less strong is} 50... Nxb6 51. Nxb6+ Kd6 52. Rxh7 $19) 51. b7 {[#]} (51. Ra7 $142 Ne5 52. Ba2) 51... Nb6 $1 {[%mdl 512]} 52. Rxh7 (52. Nxb6 Kxc7) 52... Nxd5 53. Bxd5 Kxd5 {[%mdl 4096] Endgame KRB-KR} 54. Kg1 Bc6 55. Rg7 Rxb7 {Black mates.} 56. Rxg6 e3 {[%cal Rb7b1]} 57. Kf1 Rb2 58. Rg5 Bb5+ 59. Ke1 Rb1# {Accuracy: White = 19%, Black = 47%.} 0-1